Continuidades y rupturas urbanas en los siglos XVIII y XIX (Record no. 3392)

MARC details
000 -CABECERA
campo de control de longitud fija 00953nam a2200229 a 4500
001 - NÚMERO DE CONTROL
campo de control BRCA_3660
005 - FECHA Y HORA DE LA ÚLTIMA TRANSACCIÓN
campo de control 20190320204355.0
008 - DATOS DE LONGITUD FIJA--INFORMACIÓN GENERAL
campo de control de longitud fija 020909s2000----mx-a---###---#000-0#spa-#
020 ## - NÚMERO INTERNACIONAL ESTÁNDAR DEL LIBRO
Número Internacional Estándar del Libro 9688163430
041 ## - CÓDIGO DE LENGUA
Código de lengua del texto/banda sonora o título independiente spa
044 ## - CÓDIGO DEL PAÍS DE LA ENTIDAD EDITORA/PRODUCTORA
Código MARC del país mx
050 #4 - SIGNATURA TOPOGRÁFICA DE LA BIBLIOTECA DEL CONGRESO
Número de clasificación HT127.7
Número de documento/Ítem .C66 2000
245 10 - MENCIÓN DE TÍTULO
Título Continuidades y rupturas urbanas en los siglos XVIII y XIX
Resto del título un ensayo comparativo entre México y España
Mención de responsabilidad, etc. coordinadores María Dolores Morales y Rafael Mas.
260 ## - PUBLICACIÓN, DISTRIBUCIÓN, ETC.
Lugar de publicación, distribución, etc. México
Nombre del editor, distribuidor, etc. Consejo del Centro Histórico de la Ciudad de México
Fecha de publicación, distribución, etc. 2000
300 ## - DESCRIPCIÓN FÍSICA
Extensión 427 p.
Otras características físicas il.
Dimensiones 26 cm.
500 ## - NOTA GENERAL
Nota general Memoria del II Simposio Internacional sobre Historia del Centro Histórico de la Ciudad de México, 2000
650 14 - PUNTO DE ACCESO ADICIONAL DE MATERIA--TÉRMINO DE MATERIA
Término de materia o nombre geográfico como elemento de entrada Ciudades y pueblos
Subdivisión de forma Congresos
Subdivisión general Historia
Subdivisión cronológica Siglo XVIII-XIX
Subdivisión geográfica México
9 (RLIN) 9493
650 14 - PUNTO DE ACCESO ADICIONAL DE MATERIA--TÉRMINO DE MATERIA
Término de materia o nombre geográfico como elemento de entrada Ciudades y pueblos
Subdivisión de forma Congresos
Subdivisión general Historia
Subdivisión cronológica Siglo XVIII-XIX
Subdivisión geográfica España
9 (RLIN) 9494
700 1# - PUNTO DE ACCESO ADICIONAL--NOMBRE DE PERSONA
Nombre de persona Dolores Morales, María
9 (RLIN) 9495
700 1# - PUNTO DE ACCESO ADICIONAL--NOMBRE DE PERSONA
Nombre de persona Mas, Rafael
9 (RLIN) 9496
942 ## - ELEMENTOS DE PUNTO DE ACCESO ADICIONAL (KOHA)
Fuente del sistema de clasificación o colocación Library of Congress Classification
Tipo de ítem Koha Libros
Holdings
Estado de retiro Estado de pérdida Estado dañado No para préstamo Localización permanente Ubicación/localización actual Fecha de adquisición Total de préstamos Signatura topográfica completa Código de barras Fecha visto por última vez Precio válido a partir de Tipo de ítem Koha
El ejemplar forma parte de la colección y puede ser consultado según las políticas vigentes.       Biblioteca del Museo Franz Mayer (Rogerio Casas-Alatriste) Biblioteca del Museo Franz Mayer (Rogerio Casas-Alatriste) 27/08/2009   HT127.7 .C66 2000 00369 22/03/2019 22/03/2019 Libros